000 00766nam a2200265Ia 4500
003 OSt
005 20220928132620.0
006 a|||||r|||| 00| 0
007 ta
008 220927b |||||||| |||| 00| 0 eng d
020 _c1895
024 _a116489
037 _b98, 04/09/2012, Onkar Book Agency
_cTextual
040 _aSDCL
_cSDCL
_beng
041 _2eng
_aeng
082 _aG9M, Q2
100 _aTropp Burton E.
_9430935
245 0 _aMolecular biology
_b Gens to proteins.
250 _a4th
260 _aNew Delhi
_bJones & Bartlett Learning
_c2012
300 _axxxviii,1097p
_ccm.
650 _aPlant Molecular Biology
942 _hG9M, Q2
_cTEXL
_2CC
999 _c795160
_d795160